[Event "1/16 Finale"]
[Site "www.chess-mail.com"]
[Date "2019.01.08"]
[Round "1"]
[White "Manolinex"]
[Black "Gandalf50"]
[WhiteElo "2890"]
[BlackElo "2220"]
[Result "1-0"]
[Round "1"]
1.g3 f5
2.d4 Ng8f6
3.Bf1g2 d5
4.c4 c6
5.Qd1c2 e6
6.Bc1f4 Bf8d6
7.Ng1h3 Qd8e7
8.Bf4xd6 Qe7xd6
9.O-O O-O
10.Nb1d2 b6
11.Nh3f4 Nf6e4
12.Nd2xe4 fxe4
13.Ra1c1 Bc8b7
14.Bg2h3 Rf8f6
15.f3 exf3
16.exf3 Nb8a6
17.c5 bxc5
18.dxc5 Qd6e7
19.Nf4d3 Ra8f8
20.f4 Na6c7
21.Nd3e5 Rf6h6
22.Bh3g4 Nc7e8
23.b4 Ne8f6
24.Bg4e2 Qe7c7
25.Be2d3 a5
26.b5 cxb5
27.c6 Bb7a6
28.a4 Rf8b8
29.Qc2e2 bxa4
30.Bd3xa6 a3
31.Rc1c2 Rb8b3
32.Ba6d3 Qc7b6
33.Kg2 Qb6c7
34.g4 Rh6h4
35.Ne5d7 e5
36.fxe5 Rb3b2
37.Rc2xb2 axb2
38.h3 Qc7xc6
39.exf6 { resign }
1-0

[Event "Match"]
[Site "www.echecsemail.com"]
[Date "2019.01.09"]
[Round "1"]
[White "Micheles"]
[Black "Tonino1"]
[WhiteElo "2540"]
[BlackElo "2240"]
[Result "1-0"]
[Round "1"]
1.d4 d6
2.Ng1f3 Ng8f6
3.Bc1g5 g6
4.Nb1d2 Bf8g7
5.e4 Nb8d7
6.c3 O-O
7.Bf1e2 c6
8.O-O Qd8c7
9.Rf1e1 e5
10.dxe5 dxe5
11.Qd1c2 h6
12.Bg5h4 g5
13.Bh4g3 Nf6h5
14.a4 Nh5xg3
15.hxg3 Nd7f6
16.Ra1d1 Bc8e6
17.Be2c4 Be6xc4
18.Nd2xc4 Nf6e8
19.Qc2d3 Kh7
20.Qd3d7 f6
21.Qd7f5 Kh8
22.Rd1d7 Qc7c8
23.Re1d1 Ne8c7
24.Nc4d6 Qc8b8
25.Rd7e7  { time }
1-0

[Event "Match"]
[Site "www.echecsemail.com"]
[Date "2019.01.09"]
[Round "1"]
[White "Tonino1"]
[Black "Stevep84"]
[WhiteElo "2340"]
[BlackElo "2330"]
[Result "1-0"]
[Round "1"]
1.d4 c6
2.Ng1f3 d5
3.e3 Bc8f5
4.Bf1d3 Bf5xd3
5.cxd3 e6
6.Nb1d2 Ng8e7
7.O-O Nb8d7
8.e4 Qd8c7
9.e5 Ne7f5
10.g4 Nf5h6
11.h3 O-O-O
12.Nd2b3 f6
13.Bc1xh6 gxh6
14.exf6 Nd7xf6
15.Qd1e2 Qc7e7
16.Nb3c5 Qe7e8
17.Qe2xe6 Qe8xe6
18.Nc5xe6 Rd8e8
19.Ne6xf8 Rh8xf8
{ time. }
1-0

[Event "Tourn. n10005"]
[Site "www.echecsemail.com"]
[Date "2019.01.09"]
[Round "1"]
[White "Bojan"]
[Black "Drill64"]
[WhiteElo "2020"]
[BlackElo "2280"]
[Result "1-0"]
[Round "1"]
1.e4 c5
2.c3 d5
3.f3 dxe4
4.fxe4 e5
5.Bf1c4 Nb8c6
6.g3 Ng8f6
7.Qd1f3 Bc8g4
8.Qf3f2 Qd8c7
9.Ng1f3 Nf6xe4
10.Qf2e3 Bg4xf3
11.Qe3xf3 Ne4d6
12.Bc4d5 Ra8c8
13.O-O Nc6d8
14.d3 Bf8e7
15.Nb1d2 O-O
16.Nd2e4 Nd6xe4
17.Bd5xe4 Nd8c6
18.Qf3g4 g6
19.Bc1h6 Rf8e8
20.Qg4f3 Be7f8
21.Bh6g5 Bf8g7
22.h4 h6
23.Bg5e3 Nc6d8
24.Rf1f2 Re8f8
25.Qf3e2 Nd8e6
26.Ra1f1 b6
27.Qe2d2 Kh7
28.Kg2 Rc8e8
29.a3 Ne6d4
30.h5 f5
31.hxg6 Kxg6
32.Be4d5  { time }
1-0

[Event "Match"]
[Site "www.echecsemail.com"]
[Date "2019.01.09"]
[Round "1"]
[White "Liencam2"]
[Black "Zack1984"]
[WhiteElo "2350"]
[BlackElo "2010"]
[Result "0-1"]
[Round "1"]
1.e4 g6
2.d4 d6
3.Ng1f3 Ng8f6
4.Nb1c3 Bf8g7
5.Bf1e2 O-O
6.O-O Nb8d7
7.e5 Nf6e8
8.Bc1f4 dxe5
9.dxe5 c6
10.Qd1d2 Ne8c7
11.Ra1d1 Nc7e6
12.Bf4g3 Qd8c7
13.Be2c4 Nd7xe5
14.Qd2e2 Ne5xf3
15.Qe2xf3 Qc7b6
16.Bc4b3 Ne6c5
17.Rf1e1 Nc5xb3
18.axb3 Bc8e6
19.Bg3e5 Bg7xe5
20.Re1xe5 Ra8d8
21.Re5e1 Rd8xd1
22.Re1xd1 Rf8d8
23.Nc3a4 Rd8xd1
24.Qf3xd1 Qb6a5
25.h3 h5
26.Qd1d4 Qa5e1
27.Kh2 b6
28.c4 Qe1b4
29.Qd4d8 Kh7
30.Qd8c7 Qb4xb3
31.Qc7xa7 Qb3a2
32.Qa7a8 b5
33.cxb5 cxb5
34.Na4b6 Qa2xb2
35.Qa8e4 Qb2xf2
36.Nb6d5 Be6xd5
37.Qe4xd5 Qf2f4
38.Kh1 b4
39.Qd5b3 e5
40.g3 Qf4f1
41.Kh2 Qf1f2
42.Kh1 e4
43.Qb3xb4 e3
44.Qb4b1 e2
{ resign }
0-1

[Event "Tourn. n10028"]
[Site "www.echecsemail.com"]
[Date "2019.01.09"]
[Round "1"]
[White "Jazzy"]
[Black "Drill64"]
[WhiteElo "2220"]
[BlackElo "2250"]
[Result "1-0"]
[Round "1"]
1.Ng1f3 d5
2.d4 c5
3.e3 Bc8g4
4.Bf1e2 e6
5.O-O Nb8c6
6.b3 Bg4xf3
7.Be2xf3 cxd4
8.exd4 Ng8f6
9.Bc1b2 Bf8d6
10.Bb2a3 Bd6xa3
11.Nb1xa3 Qd8a5
12.Na3b1 Qa5b6
13.c3 O-O
14.Nb1d2  { time }
1-0

[Event "Tourn. n10021"]
[Site "www.echecsemail.com"]
[Date "2019.01.09"]
[Round "1"]
[White "Bojan"]
[Black "Cemaah"]
[WhiteElo "2000"]
[BlackElo "2149"]
[Result "0-1"]
[Round "1"]
1.e4 c5
2.Ng1f3 d6
3.d4 cxd4
4.Nf3xd4 Ng8f6
5.Nb1c3 a6
6.h3 e5
7.Nd4f5 Bc8xf5
8.exf5 d5
9.g4 d4
10.Nc3b1 Qd8d5
11.Rh1g1 Nb8c6
12.Bf1g2 Qd5d7
13.Bc1g5 Bf8e7
14.a3 Ra8d8
15.Nb1d2 Nf6d5
16.Nd2e4 f6
17.Bg5d2 b5
18.Qd1e2 O-O
19.h4 Rf8e8
20.g5 Qd7xf5
21.gxf6 Nd5xf6
22.Ne4xf6 Qf5xf6
23.Qe2g4 e4
24.Bg2xe4 Nc6e5
25.Qg4g2 Ne5c4
26.Bd2g5 Qf6e5
27.f3 Nc4e3
28.Qg2g3 Qe5xg3
29.Rg1xg3 Be7xg5
30.hxg5 Ne3xc2
31.Kd2 Nc2xa1
{ resign }
0-1

[Event "Tourn. n10007"]
[Site "www.echecsemail.com"]
[Date "2019.01.09"]
[Round "1"]
[White "Roque1"]
[Black "Tbsundar"]
[WhiteElo "1990"]
[BlackElo "1970"]
[Result "0-1"]
[Round "1"]
1.e4 e5
2.Ng1f3 Nb8c6
3.Bf1c4 Ng8f6
4.Nb1c3 Bf8b4
5.d3 d6
6.Bc1g5 h6
7.Bg5h4 Bc8g4
8.h3 Bg4xf3
9.Qd1xf3 Nc6d4
10.Qf3d1 c6
11.a3 Bb4a5
12.b4 Ba5c7
13.O-O O-O
14.Nc3e2 Nd4e6
15.Qd1d2 Rf8e8
16.f4 exf4
17.Ne2xf4 Ne6d4
18.Nf4h5 d5
19.Nh5xf6 gxf6
20.Bh4xf6 Qd8d6
21.g4 dxc4
22.Rf1f5 Nd4xf5
23.gxf5 Qd6xf6
24.Kf2 Qf6xa1
25.Qd2xh6 Qa1g7
26.Qh6e3 Bc7b6
27.d4 Bb6xd4
{ resign }
0-1

[Event "Tourn. n9998"]
[Site "www.echecsemail.com"]
[Date "2019.01.09"]
[Round "1"]
[White "Bojan"]
[Black "Scasan55"]
[WhiteElo "1970"]
[BlackElo "2000"]
[Result "0-1"]
[Round "1"]
1.e4 c5
2.Ng1f3 d6
3.b3 Nb8c6
4.Bc1b2 Bc8g4
5.Bf1e2 e6
6.h3 Bg4h5
7.c3 Bf8e7
8.d3 Ng8f6
9.Nb1d2 O-O
10.d4 cxd4
11.cxd4 Ra8c8
12.Nf3h2 Bh5xe2
13.Qd1xe2 Nc6b4
14.O-O Nb4c2
15.Ra1c1 Nc2b4
16.a3 Nb4c6
17.e5 dxe5
18.dxe5 Nf6d5
19.Rf1d1 Qd8b6
20.b4 a6
21.Nd2e4 h6
22.Qe2f3 a5
23.Ne4d6 Be7xd6
24.exd6 axb4
25.axb4 Qb6xb4
26.Bb2a3 Qb4a5
27.d7 Rc8d8
28.Ba3xf8 Kxf8
29.Rc1a1 Qa5c7
30.Rd1c1 Qc7xd7
31.Qf3e4 b5
32.Nh2f3 b4
33.Ra1a6 Rd8c8
34.Rc1c4 b3
35.Qe4b1 Qd7b7
36.Ra6a3 Rc8b8
37.Nf3d2 b2
38.Ra3b3 Qb7a6
39.Rb3xb8 Nc6xb8
40.Qb1xb2 Nb8d7
41.Rc4a4 Qa6xa4
42.g3 Qa4b4
43.Qb2c2 Qb4c3
44.Qc2a2 Qc3c1
45.Kg2 Qc1c6
46.Kh2 Ke7
47.h4 Kf6
48.Qa2b2 e5
49.Nd2e4 Kg6
50.Qb2b1 f5
51.Ne4d2 Nd7f6
52.f3 Qc6c3
53.Qb1d1 Qc3e3
54.Kg2 e4
55.Nd2c4 exf3
56.Kh1 Qe3e2
57.Qd1d4 Qe2g2
{ resign }
0-1

[Event "Fast Game"]
[Site "www.echecsemail.com"]
[Date "2019.01.09"]
[Round "1"]
[White "Fabos12"]
[Black "Tonino1"]
[WhiteElo "1740"]
[BlackElo "1830"]
[Result "1-0"]
[Round "1"]
1.d4 d6
2.Ng1f3 Ng8f6
3.g3 c6
4.Bf1g2 Qd8c7
5.c4 e5
6.d5 cxd5
7.cxd5 Qc7a5
8.Nb1c3 g6
9.Bc1g5 Nf6e4
10.Qd1c1 Ne4xg5
11.Qc1xg5 Bf8g7
12.O-O O-O
13.Qg5e7 Qa5d8
14.Qe7xd8 Rf8xd8
15.Nc3b5 Nb8a6
16.Ra1c1 Bc8d7
17.Nb5xd6 Ra8b8
18.Rf1d1 f5
19.Nd6c4 b6
{ time. }
1-0

[Event "Tourn. n9981"]
[Site "www.echecsemail.com"]
[Date "2019.01.10"]
[Round "1"]
[White "Hundegana"]
[Black "Drill64"]
[WhiteElo "2070"]
[BlackElo "2169"]
[Result "1-0"]
[Round "1"]
1.e4 c5
2.Bf1c4 e6
3.Ng1f3 Nb8c6
4.c3 Qd8c7
5.a3 Ng8f6
6.d3 a6
7.O-O Bf8e7
8.Rf1e1 d6
9.h3 O-O
10.b4 b5
11.Bc4a2 Bc8b7
12.Nb1d2 Ra8c8
13.Bc1b2 Nc6e5
14.Nf3xe5 dxe5
15.Re1e3 Rf8d8
16.Ra1c1 c4
17.dxc4 Nf6xe4
18.Rc1c2 Be7g5
19.Re3e2 Rd8xd2
20.Rc2xd2 Ne4xd2
21.Re2xd2 Bg5xd2
22.Qd1xd2 bxc4
23.Ba2b1 Rc8d8
24.Qd2c2 f5
25.Bb2c1 Bb7e4
26.Qc2b2 Be4xb1
27.Qb2xb1 Rd8d1
28.Kh2 e4
29.g3 Qc7d7
30.Qb1b2 Qd7d3
31.Bc1e3 Qd3f1
32.g4  { time }
1-0

[Event "Tourn. n10029"]
[Site "www.echecsemail.com"]
[Date "2019.01.10"]
[Round "1"]
[White "Drill64"]
[Black "Lenyb"]
[WhiteElo "2230"]
[BlackElo "2370"]
[Result "0-1"]
[Round "1"]
1.e4 c5
2.Ng1f3 d6
3.d4 cxd4
4.Bf1b5 Bc8d7
5.Bb5xd7 Nb8xd7
6.Nf3xd4 Qd8a5
7.c3 g6
8.O-O Ng8f6
9.f3 Bf8g7
10.Bc1e3 O-O
11.Nb1a3 a6
 { time }
0-1

[Event "Tourn. n10014"]
[Site "www.echecsemail.com"]
[Date "2019.01.10"]
[Round "1"]
[White "Drill64"]
[Black "Sbb"]
[WhiteElo "2260"]
[BlackElo "2670"]
[Result "0-1"]
[Round "1"]
1.Ng1f3 c5
2.c4 g6
3.Nb1c3 Bf8g7
4.g3 Nb8c6
5.Bf1g2 e5
6.d3 d6
7.O-O Ng8e7
8.e3 O-O
9.Qd1e2 a6
10.Ra1b1 Ra8b8
11.a3 b5
12.Bc1d2 h6
13.Rf1e1 bxc4
14.dxc4 Bc8g4
15.h3 Bg4e6
16.e4 Nc6d4
17.Nf3xd4 exd4
18.Nc3d5 Ne7xd5
 { time }
0-1

[Event "Tourn. n10024"]
[Site "www.echecsemail.com"]
[Date "2019.01.10"]
[Round "1"]
[White "Mitja"]
[Black "Francesco"]
[WhiteElo "1950"]
[BlackElo "1960"]
[Result "1/2-1/2"]
[Round "1"]
1.d4 d5
2.e3 Ng8f6
3.c3 Bc8g4
4.Bf1e2 Bg4xe2
5.Qd1xe2 Nb8d7
6.h3 e6
7.Ng1f3 c5
8.dxc5 Bf8xc5
9.b3 O-O
10.Bc1b2 Ra8c8
11.O-O a6
12.Nb1d2 b5
13.b4 Bc5b6
14.a3 Qd8e7
15.Ra1c1 Rc8c7
16.Qe2d3 Rf8c8
17.e4 dxe4
18.Nd2xe4 Nf6xe4
19.Qd3xe4 Nd7f6
20.Qe4e2 Nf6d5
21.Qe2d3 Qe7f6
22.Qd3d2 Nd5xc3
23.Bb2xc3 Rc7xc3
24.Rc1xc3 Qf6xc3
25.Qd2d6 Qc3c7
26.Qd6d3 Rc8d8
27.Qd3e4 h6
28.Nf3e5 Rd8d4
29.Qe4e2 Qc7c3
30.Ne5f3 Rd4c4
31.Nf3e5 Rc4d4
32.Ne5f3 Rd4d3
33.Qe2e4 Qc3xa3
34.Qe4c6 Bb6d8
35.Nf3e5 Rd3d5
36.Qc6e8 Kh7
37.Ne5xf7 Bd8f6
38.Qe8xe6 Rd5d4
39.Rf1e1 Qa3xb4
40.Qe6f5 g6
41.Qf5xf6 Qb4xe1
42.Kh2 Qe1e8
43.Qf6xd4 Qe8xf7
44.Qd4b6 Qf7f4
45.Kg1 Qf4c1
46.Kh2 Qc1a3
47.Qb6f6 Qa3d3
{ draw }
1/2-1/2

[Event "Tourn. n9892"]
[Site "www.echecsemail.com"]
[Date "2019.01.10"]
[Round "1"]
[White "Numanoid"]
[Black "Szustan"]
[WhiteElo "2510"]
[BlackElo "2580"]
[Result "1/2-1/2"]
[Round "1"]
1.e4 e5
2.Ng1f3 Nb8c6
3.d4 exd4
4.Nf3xd4 Bf8c5
5.Nd4xc6 Qd8f6
6.Qd1f3 Qf6xf3
7.gxf3 bxc6
8.Nb1d2 Ng8e7
9.Nd2b3 Bc5b6
10.a4 a5
11.Bc1e3 O-O
12.O-O-O Bb6xe3
13.fxe3 d6
14.Rh1g1 g6
15.h4 c5
16.h5 Bc8e6
17.Nb3d2 Rf8d8
18.f4 Kf8
19.Nd2f3 d5
20.hxg6 hxg6
21.exd5 Ne7xd5
22.Rd1e1 Ke7
23.Nf3g5 Nd5b6
24.e4 Be6d7
25.f5 Rd8h8
26.Bf1b5 f6
27.Bb5xd7 Nb6xd7
28.Ng5e6 g5
29.Ne6xc7 Ra8c8
30.Nc7d5 Kf7
31.Rg1g3 Rc8b8
32.b3 Rb8c8
33.Rg3c3 c4
34.bxc4 Rh8h2
35.Re1e3 Rh2h1
36.Kd2 Rh1h4
37.Kd3 Nd7e5
38.Kd4 Rh4h1
39.c5 Rh1d1
40.Re3d3 Ne5xd3
41.cxd3 g4
42.Rc3c2 g3
43.c6 g2
44.Rc2xg2 Rc8xc6
45.Rg2b2 Rd1a1
46.Rb2b7 Kf8
47.Nd5f4 Ra1xa4
48.Kd5 Rc6c3
49.Rb7a7 Ke8
50.Ra7a6 Kf7
51.d4 Ra4b4
52.Nf4e6 Rc3b3
{ draw }
1/2-1/2

[Event "Match"]
[Site "www.echecsemail.com"]
[Date "2019.01.10"]
[Round "1"]
[White "Zack1984"]
[Black "Add"]
[WhiteElo "2360"]
[BlackElo "2190"]
[Result "1-0"]
[Round "1"]
1.f4 d5
2.Kf2 Ng8f6
3.Ng1f3 Nf6e4
4.Kg1 e6
5.d3 Bf8c5
6.e3 Ne4f6
7.h3 Nb8c6
8.g4 h6
9.d4 Bc5b6
10.Nb1d2 Nf6e4
11.Bf1d3 Ne4xd2
12.Bc1xd2 a6
13.a4 a5
14.c3 Nc6e7
15.b4 axb4
16.cxb4 c6
17.Rh1h2 Bb6c7
18.a5 g5
19.h4 gxf4
20.exf4 b5
21.Qd1e2 Ne7g6
22.Nf3e5 Ng6xe5
23.fxe5 Qd8e7
24.Ra1f1 Bc8d7
25.g5 O-O-O
26.gxh6 f5
27.exf6 Bc7xh2
28.Kxh2 Qe7f7
29.Qe2e5 Bd7e8
30.a6 Qf7c7
31.Qe5xc7 Kxc7
32.f7 Be8xf7
33.Rf1xf7 Kb6
34.h7 Kxa6
35.Bd2f4 { resign }
1-0

[Event "Tourn. n10026"]
[Site "www.echecsemail.com"]
[Date "2019.01.10"]
[Round "1"]
[White "Drill64"]
[Black "Tartan"]
[WhiteElo "2250"]
[BlackElo "2540"]
[Result "0-1"]
[Round "1"]
1.e4 c5
2.Ng1f3 Nb8c6
3.Bf1b5 g6
4.Bb5xc6 bxc6
5.O-O Bf8g7
6.Rf1e1 e5
7.c4 d6
8.Nb1c3 Ng8f6
9.d3 O-O
 { time }
0-1

[Event "Tourn. n9945"]
[Site "www.echecsemail.com"]
[Date "2019.01.10"]
[Round "1"]
[White "Passaroa25"]
[Black "Cal"]
[WhiteElo "1730"]
[BlackElo "1720"]
[Result "1-0"]
[Round "1"]
1.Ng1f3 d5
2.d4 h6
3.c3 Ng8f6
4.e3 a6
5.Nb1d2 e6
6.Nd2b3 Nb8c6
7.Bc1d2 b6
8.Bf1e2 Bc8b7
9.Ra1b1 a5
10.a4 g5
11.O-O Bf8g7
12.Nf3e5 O-O
13.f3 Nf6h5
14.g4 Nh5f6
15.Be2b5 Nc6e7
16.Qd1c2 c6
17.Bb5e2 Ra8c8
18.Rf1f2 c5
19.Be2b5 Nf6h7
20.Bb5d7 Rc8c7
21.Bd7b5 Bg7xe5
22.dxe5 Ne7g6
23.f4 gxf4
24.exf4 d4
25.c4 d3
26.Qc2c3 Bb7e4
27.Bd2e3 Ng6h4
28.Kf1 d2
29.Rf2xd2 Be4xb1
30.Rd2xd8 Rf8xd8
31.Be3d2 Rd8d3
32.Qc3c1 Rd3f3
33.Kg1 Bb1d3
34.Qc1e1 Rf3f1
35.Qe1xf1 Bd3xf1
36.Kxf1 Nh4f3
37.h3 f6
38.Ke2 Nf3d4
39.Nb3xd4 Kf7
40.Nd4c6 f5
41.Nc6d8 Kg6
42.Nd8xe6 Rc7e7
43.Ne6d8 Nh7f8
44.Kf3 fxg4
45.Kxg4 h5
46.Kh4 Re7h7
47.Bb5e8 Kf5
48.Be8xh5 Nf8g6
49.Kg3 Rh7xh5
50.b3 Rh5h4
51.Nd8f7 Rh4h7
52.Nf7d6 Ke6
53.Nd6c8 Rh7b7
54.Nc8d6 Rb7d7
55.Bd2e1 Ng6e7
56.Be1f2 Ne7f5
57.Kf3 Nf5d4
58.Bf2xd4 cxd4
59.Ke4 Rd7h7
60.Kxd4 Rh7xh3
61.c5 Rh3xb3
62.f5 Ke7
63.f6 Kf8
64.Kd5 bxc5
65.Kxc5 Rb3b4
66.e6 Rb4xa4
67.e7 Kg8
68.e8Q { resign }
1-0

[Event "Match"]
[Site "www.echecsemail.com"]
[Date "2019.01.10"]
[Round "1"]
[White "Liencam2"]
[Black "Huskarls"]
[WhiteElo "2320"]
[BlackElo "1809"]
[Result "1-0"]
[Round "1"]
1.e4 e6
2.d4 d5
3.Nb1d2 c5
4.Ng1f3 cxd4
5.Nf3xd4 Nb8c6
6.Bf1b5 Bc8d7
7.Nd4xc6 bxc6
8.Bb5d3  { time }
1-0

[Event "Tourn. n10028"]
[Site "www.echecsemail.com"]
[Date "2019.01.10"]
[Round "1"]
[White "Drill64"]
[Black "Cemaah"]
[WhiteElo "2250"]
[BlackElo "2290"]
[Result "0-1"]
[Round "1"]
1.e4 c5
2.Ng1f3 d6
3.d4 cxd4
4.Nf3xd4 Ng8f6
5.Nb1c3 a6
6.g3 e5
7.Nd4e2 Bf8e7
8.a4 O-O
9.Bf1g2 Bc8e6
10.O-O Nb8d7
11.h3 Ra8c8
12.Bc1e3 Qd8c7
13.a5 Qc7b8
14.g4 Rf8d8
15.g5 Nf6e8
 { time }
0-1

[Event "Tourn. n9986"]
[Site "www.echecsemail.com"]
[Date "2019.01.10"]
[Round "1"]
[White "Bevittsmith"]
[Black "Drill64"]
[WhiteElo "2220"]
[BlackElo "2189"]
[Result "1-0"]
[Round "1"]
1.e4 c5
2.Ng1f3 Nb8c6
3.d4 cxd4
4.Nf3xd4 Ng8f6
5.Nb1c3 e5
6.Nd4b5 d6
7.Bc1g5 a6
8.Nb5a3 b5
9.Nc3d5 Bf8e7
10.Nd5xe7 Qd8xe7
11.c4 b4
12.Na3c2 a5
13.Nc2e3 Bc8e6
14.Ne3d5 Be6xd5
15.cxd5 Nc6d4
16.Bf1d3 h6
17.Bg5e3 O-O
18.O-O Nf6d7
19.Ra1c1 Nd7c5
20.Bd3b1 Nd4b5
21.Qd1g4 Kh8
22.f4 exf4
23.Rf1xf4 Ra8e8
24.Rc1f1 Nc5d7
25.Qg4h3 Nd7e5
26.Rf4f5 Kh7
27.Be3xh6 gxh6
28.Rf5f6 Ne5g6
29.e5 dxe5
30.Bb1xg6 fxg6
31.Rf6xf8  { time }
1-0

[Event "Tourn. n10036"]
[Site "www.echecsemail.com"]
[Date "2019.01.10"]
[Round "1"]
[White "Bojan"]
[Black "Drill64"]
[WhiteElo "2030"]
[BlackElo "2120"]
[Result "1-0"]
[Round "1"]
1.e4 c5
2.Bf1c4 e6
3.e5 Nb8c6
4.Ng1f3 Qd8c7
5.Qd1e2 Ng8e7
6.a3 Ne7g6
7.d3 Nc6xe5
8.Nf3xe5 Qc7xe5
9.Nb1c3 Qe5xe2
10.Nc3xe2 d5
11.Bc4b3  { time }
1-0

[Event "Tourn. n10025"]
[Site "www.echecsemail.com"]
[Date "2019.01.10"]
[Round "1"]
[White "Ranjachess"]
[Black "Alcon"]
[WhiteElo "1880"]
[BlackElo "1900"]
[Result "0-1"]
[Round "1"]
1.d4 d6
2.Ng1f3 g6
3.e4 Bf8g7
4.Bc1e3 a6
5.Bf1c4 b5
6.Bc4b3 Bc8b7
7.Nb1d2 Nb8d7
8.Nf3g5 e6
9.Qd1f3 Qd8e7
10.O-O-O Ng8f6
11.d5 exd5
12.exd5 Nd7e5
13.Qf3h3 Bb7xd5
14.Bb3xd5 Nf6xd5
15.f4 Ne5d7
16.Rh1e1 O-O-O
17.Be3f2 Qe7f6
18.Bf2h4 Qf6xb2

0-1

[Event "Match"]
[Site "www.echecsemail.com"]
[Date "2019.01.10"]
[Round "1"]
[White "Chapi"]
[Black "Darknight"]
[WhiteElo "2060"]
[BlackElo "1900"]
[Result "0-1"]
[Round "1"]
1.d4 d5
2.c4 e6
3.Nb1c3 c6
4.Ng1f3 h6
5.cxd5 exd5
6.e4 Ng8f6
7.e5 Nf6e4
8.Bf1d3 Bf8b4
9.Qd1c2 Bc8f5
10.O-O a6
11.Nc3xe4 dxe4
12.Bd3xe4 Bf5e6
13.Bc1e3 Bb4e7
14.Nf3e1 Qd8c7
15.Ne1d3 Nb8d7
16.Nd3f4 O-O-O
17.Ra1c1 g5
18.Nf4xe6 fxe6
19.d5 exd5
20.Be4xd5 Nd7xe5
21.Rf1d1 Kb8
22.Bd5e4 Be7d6
23.Be3d4 Rd8c8
24.Qc2b3 Qc7e7
25.Qb3b6 c5
26.Bd4c3 Rh8d8
27.Rd1d5 Ne5c4
28.Qb6b3 Qe7xe4
29.Rc1d1 Rc8c6
30.Qb3a4 Bd6xh2
31.Kxh2 Rd8xd5
32.Rd1e1 Qe4d3
33.Re1d1 Qd3xd1
34.Qa4xc4 Ka7
35.a3 Rd5d3
36.b4 Qd1h5
{ resign }
0-1

[Event "Match"]
[Site "www.echecsemail.com"]
[Date "2019.01.10"]
[Round "1"]
[White "Tonino1"]
[Black "Babedad"]
[WhiteElo "2120"]
[BlackElo "2250"]
[Result "0-1"]
[Round "1"]
1.f4 Ng8f6
2.d4 g6
3.e3 Bf8g7
4.Bf1d3 d5
5.Ng1f3 Bc8g4
6.O-O O-O
7.h3 Bg4xf3
8.Qd1xf3 c6
9.Nb1d2 e6
10.c3 Nb8d7
11.e4 dxe4
12.Nd2xe4 Nf6xe4
13.Bd3xe4 Nd7f6
14.Be4d3 Nf6d5
15.Bc1d2 Qd8c7
16.Kh1 Ra8e8
17.c4 Nd5f6
18.Bd2c3 Re8d8
19.g4 c5
20.g5 Nf6h5
21.d5 Bg7xc3
22.bxc3 exd5
23.cxd5 c4
24.Bd3c2 Qc7c5
25.Ra1d1 b5
26.Rd1d4 Qc5a3
27.f5 Qa3d6
28.Kg2 Rd8e8
29.Bc2d1 Nh5g7
30.f6 Ng7f5
31.Rd4e4 Qd6xd5
32.Re4xe8 Nf5h4
33.Kg3 Nh4xf3
34.Re8xf8 Kxf8
35.Bd1xf3 Qd5xg5
36.Kh2 Qg5xf6
 { time }
0-1

[Event "Tourn. n10017"]
[Site "www.echecsemail.com"]
[Date "2019.01.11"]
[Round "1"]
[White "Drill64"]
[Black "Raicolin"]
[WhiteElo "2250"]
[BlackElo "2459"]
[Result "0-1"]
[Round "1"]
1.Ng1f3 Ng8f6
2.d4 d5
3.g3 c5
4.c3 Nb8c6
5.Bf1g2 e6
6.O-O Bf8d6
7.dxc5 Bd6xc5
8.Nb1d2 O-O
9.Nd2b3 Bc5b6
10.Bc1g5 h6
11.Bg5xf6 Qd8xf6
12.e3 Rf8d8
13.Qd1e2 e5
14.Ra1d1 Bc8g4
15.h3 Bg4h5
 { time }
0-1

[Event "Match"]
[Site "www.echecsemail.com"]
[Date "2019.01.11"]
[Round "1"]
[White "Micheles"]
[Black "Huskarls"]
[WhiteElo "2510"]
[BlackElo "1809"]
[Result "1-0"]
[Round "1"]
1.d4 Ng8f6
2.Ng1f3 e6
3.Bc1g5 c5
4.e3 Qd8b6
5.Qd1c1 Nf6e4
6.Bg5f4 Nb8c6
7.c3  { time }
1-0

[Event "Tourn. n9954"]
[Site "www.echecsemail.com"]
[Date "2019.01.11"]
[Round "1"]
[White "Jazzy"]
[Black "Comrade"]
[WhiteElo "2290"]
[BlackElo "2240"]
[Result "1/2-1/2"]
[Round "1"]
1.d4 d5
2.Ng1f3 e6
3.c4 dxc4
4.e3 Ng8f6
5.Bf1xc4 c5
6.O-O Nb8c6
7.b3 Bf8e7
8.Bc1b2 O-O
9.dxc5 Be7xc5
10.Qd1xd8 Rf8xd8
11.Nb1c3 a6
12.Ra1d1 Rd8xd1
13.Rf1xd1 b5
14.Bc4d3 Bc8b7
15.Nc3e4 Bc5e7
16.Ne4xf6 Be7xf6
17.Bb2xf6 gxf6
18.a3 Ra8d8
19.Bd3e2 Rd8xd1
20.Be2xd1 Nc6e7
21.Kf1 Bb7d5
22.Nf3d2 f5
23.Bd1f3 e5
24.Bf3xd5 Ne7xd5
25.Ke2 e4
26.f3 Nd5c3
27.Kf2 Kg7
28.Kg3 f6
29.Kf4 exf3
30.Kxf3 Kf7
31.e4 Ke6
32.exf5 Kxf5
33.Ke3 Ke5
34.Kd3 Nc3d5
35.Nd2f3 Kd6
36.g4 h5
37.gxh5 Nd5f4
38.Kc3 Nf4xh5
39.Kb4 Kc6
40.Ka5 Kb7
41.Nf3d4 Nh5g7
42.a4 bxa4
43.bxa4 f5
44.h4 f4
45.Nd4f3 Ng7h5
46.Nf3e5 { draw }
1/2-1/2

[Event "Tourn. n10028"]
[Site "www.echecsemail.com"]
[Date "2019.01.11"]
[Round "1"]
[White "Jazzy"]
[Black "Tonino1"]
[WhiteElo "2220"]
[BlackElo "2310"]
[Result "1-0"]
[Round "1"]
1.e4 d6
2.d4 Ng8f6
3.Nb1c3 c6
4.f4 Qd8c7
5.Ng1f3 g6
6.e5 Nf6d7
7.Bf1d3 Bf8g7
8.O-O O-O
9.Qd1e2 d5
10.f5 e6
11.f6 Bg7h8
12.Bc1h6 Rf8e8
13.Nf3g5 Nd7f8
14.Bh6xf8 Re8xf8
15.Qe2h5  { time }
1-0

[Event "Match"]
[Site "www.echecsemail.com"]
[Date "2019.01.11"]
[Round "1"]
[White "Carsontwhite"]
[Black "Logout"]
[WhiteElo "1339"]
[BlackElo "2150"]
[Result "0-1"]
[Round "1"]
1.d4 d5
2.e4 dxe4
3.c4 Ng8f6
4.Nb1c3 Nb8c6
5.Ng1h3 Qd8xd4
6.Bf1e2 Bc8xh3
7.gxh3 O-O-O
8.a4 e5
9.O-O Qd4c5
10.Bc1e3 Qc5e7
11.Ra1a3 Qe7e6
12.Be2g4 Nf6xg4
13.hxg4 Rd8xd1
14.Rf1xd1 Bf8xa3
15.bxa3 Qe6xg4
16.Kh1 Qg4h3
17.f3 exf3
18.Rd1d2 Rh8d8
19.a5 Rd8xd2
20.Be3xd2 Qh3g2
{ resign }
0-1

[Event "Match"]
[Site "www.echecsemail.com"]
[Date "2019.01.11"]
[Round "1"]
[White "Logout"]
[Black "Huskarls"]
[WhiteElo "2150"]
[BlackElo "1809"]
[Result "1-0"]
[Round "1"]
1.c4 e6
2.d4 Ng8f6
3.Nb1c3 Bf8b4
4.Bc1d2 c5
5.dxc5 Bb4xc5
6.Ng1f3 O-O
7.e3 b6
8.Bf1e2 Bc8b7
9.O-O Nb8c6
10.a3  { time }
1-0

[Event "Match"]
[Site "www.echecsemail.com"]
[Date "2019.01.11"]
[Round "1"]
[White "Fegatux"]
[Black "Joseph1983"]
[WhiteElo "2170"]
[BlackElo "2220"]
[Result "1-0"]
[Round "1"]
1.d4 Ng8f6
2.c4 g6
3.Nb1c3 Bf8g7
4.e4 d6
5.Bf1d3 Nb8c6
6.Ng1e2 O-O
7.O-O e5
8.d5 Nc6e7
9.Ne2g3 Nf6e8
10.f4 exf4
11.Bc1xf4 f5
12.exf5 Ne7xf5
13.Ng3xf5 Bc8xf5
14.Bd3xf5 Rf8xf5
15.Qd1e2 Bg7d4
16.Bf4e3 Qd8f6
17.Rf1xf5 Bd4xe3
18.Qe2xe3 Qf6xf5
19.Ra1f1 Qf5d7
20.Nc3e4 Qd7g7
21.Ne4g5 Ne8f6
22.Qe3e6 { resign }
1-0

[Event "Tourn. n9997"]
[Site "www.echecsemail.com"]
[Date "2019.01.11"]
[Round "1"]
[White "Aperturaf"]
[Black "Drill64"]
[WhiteElo "2700"]
[BlackElo "2330"]
[Result "1-0"]
[Round "1"]
1.e4 c5
2.Ng1f3 Nb8c6
3.d4 cxd4
4.Nf3xd4 e6
5.Nb1c3 Qd8c7
6.Bc1e3 a6
7.Qd1d2 Ng8f6
8.O-O-O Bf8b4
9.f3 b5
10.Be3f4 Nc6e5
11.Nd4c6 Qc7xc6
12.Bf4xe5 Bb4e7
13.g4 O-O
14.a3 Rf8d8
15.g5 Nf6e8
16.h4 d6
17.Be5d4 e5
18.Nc3d5 Be7f8
19.Bd4b6 Rd8d7
20.h5 g6
21.f4 Bf8g7
22.hxg6 fxg6
23.Qd2h2 Bg7h8
24.f5 Rd7g7
25.fxg6 Bc8g4
26.gxh7 Kf8
27.Bf1e2 Bg4xe2
28.Rd1f1 Be2xf1
29.Rh1xf1  { time }
1-0

[Event "Match"]
[Site "www.echecsemail.com"]
[Date "2019.01.11"]
[Round "1"]
[White "Caspito"]
[Black "Jackbauer"]
[WhiteElo "1780"]
[BlackElo "1800"]
[Result "0-1"]
[Round "1"]
1.e4 c5
2.d4 e6
3.c3 cxd4
4.cxd4 Ng8f6
5.Ng1f3 Nf6xe4
6.Qd1c2 d5
7.Nb1c3 Ne4f6
8.Nf3e5 Bf8b4
 { time }
0-1

[Event "Tourn. n10032"]
[Site "www.echecsemail.com"]
[Date "2019.01.11"]
[Round "1"]
[White "Sorim"]
[Black "Picifarkinca"]
[WhiteElo "2080"]
[BlackElo "1840"]
[Result "0-1"]
[Round "1"]
1.e4 c6
2.Ng1f3 d5
3.e5 Bc8g4
4.h3 Bg4h5
5.Bf1e2 e6
6.O-O Nb8d7
7.d4 Qd8b6
8.Bc1g5 f6
9.exf6 gxf6
10.Bg5h4 Bf8d6
11.b3 O-O-O
12.c4 Bd6f4
13.Nb1c3 Rd8e8
14.Nc3a4 Qb6c7
15.b4 Ng8e7
16.b5 Ne7f5
17.bxc6 Qc7xc6
18.cxd5 exd5
19.g3 Nf5xh4
20.Nf3xh4 Bh5xe2
21.Qd1b3 Be2xf1
22.gxf4 Bf1c4
23.Qb3d1 Rh8g8
24.Kh2 Re8e2
{ resign }
0-1

[Event "Tourn. n9986"]
[Site "www.echecsemail.com"]
[Date "2019.01.11"]
[Round "1"]
[White "Orhany24"]
[Black "Drill64"]
[WhiteElo "2090"]
[BlackElo "2189"]
[Result "1-0"]
[Round "1"]
1.e4 c5
2.Ng1f3 Nb8c6
3.d4 cxd4
4.Nf3xd4 Ng8f6
5.Nd4xc6 bxc6
6.Bf1d3 g6
7.c4 d6
8.O-O Bf8g7
9.Nb1c3 e5
10.h3 O-O
11.Bc1e3 Ra8b8
12.Qd1c2 Qd8a5
13.Be3d2 Qa5c7
14.Bd2e3 Bc8e6
15.b3 Rf8d8
16.Ra1d1 Nf6d7
17.f4 exf4
18.Be3xf4 Bg7e5
19.Bf4h6 Nd7c5
20.Nc3e2 Be5g7
21.Bh6xg7 Kxg7
22.Kh1 Qc7e7
23.Ne2f4 Kg8
24.Bd3e2 Be6c8
25.Be2f3 Nc5e6
26.Nf4xe6 Bc8xe6
27.Rf1e1  { time }
1-0